| 000 | 003700000a22001450004500 | ||
|---|---|---|---|
| 003 | MACL | ||
| 040 | _aMACL | ||
| 090 |
_c42743 _d42741 |
||
| 100 | _aBanerjee, Ishita | ||
| 245 |
_aPopular Religion and Ascetic Practices _bNew Studies on Mahima Dharma |
||
| 260 |
_bManohar Publisher & Distributors _c2008 |
||
| 350 | _a696 | ||
| 650 | _aReligion | ||
| 942 |
_cBOOK _k294/BEL |
||
| 999 |
_c42292 _d42292 |
||